00310nam a22001217a 450000500170000000800410001704100120005808200130007010000120008324500450009530000230014065000250016320240827144905.0240827b |||||||| |||| 00| 0 eng d aEnglish a349 LAW  lEnglish aThe Laws of the Republic of Namibia 1999 b33 pages;c25 cm.  aLegal practice bLaw